Learning

Պահպանված է:
Մատենագիտական մանրամասներ
Հիմնական հեղինակներ: Mednick, Sarnoff A. (autor), Pollio, Howard R (Հեղինակ)
Ձևաչափ: Գիրք
Լեզու:անգլերեն
Հրապարակվել է: Englewood Cliffs Prentice-Hall 1964
Շարք:Foundations of Modern Psychology Series
Խորագրեր:
Ցուցիչներ: Ավելացրեք ցուցիչ
Չկան պիտակներ, Եղեք առաջինը, ով նշում է այս գրառումը!

MARC

LEADER 00000nam a2200000 a 4500
001 UCN5249
003 CL-VaPUC
008 010824e19640000us |||||||||||||||||eng|d
082 0 4 |a 153.15  |b MED  |2 21 
100 |a Mednick, Sarnoff A.  |e autor  |9 461335 
700 0 |a Pollio, Howard R  |e author  |9 461336 
245 1 0 |a Learning 
300 |a 118 p 
942 |c BK 
945 |d 20010824 00:00:00  |a cmena 
260 |a Englewood Cliffs  |b Prentice-Hall  |c 1964 
650 0 |a Procesos mentales superiores  |9 330839 
650 0 |a Aprendizaje   |9 254827 
650 0 |a Inteligencia  |9 267038 
650 0 |a Cognición   |9 270347 
650 0 |a Motivación   |9 315362 
583 |a last modification  |c 20150429 04:47:21  |k Rodrigo Vera 
490 0 |a Foundations of Modern Psychology Series 
999 |c 296903  |d 296901 
952 |0 0  |1 0  |4 0  |6 153_150000000000000_MED_1964  |7 0  |8 A  |9 351187  |a FDOPOS  |b FDOPOS  |d 2019-11-21  |i 3690369  |o 153.15 MED 1964  |p 3690369  |r 2025-01-22  |w 2019-11-21  |y BK  |k MLA